| 000 | 01161nam a22003377a 4500 | ||
|---|---|---|---|
| 003 | CHAP | ||
| 005 | 20220329133629.0 | ||
| 008 | 971013s1989 r 00010 d | ||
| 010 | _a8810 | ||
| 011 | _a9782 | ||
| 035 | _a9018 | ||
| 040 | _cCHAP | ||
| 082 |
_a589.2 _bB63 |
||
| 100 | 0 | 0 |
_aBoddy, Lynne _eed. _913344 |
| 245 | _aNitrogen, phosphorus and sulphur utilization by fungi | ||
| 260 |
_aCambridge : _bCambridge University, _c1989 |
||
| 300 |
_a316 p. _b: ilus. ; gráfs |
||
| 500 | _aSymposium of the British Mycological Society held at the University of Birmingham april 1988 | ||
| 590 |
_aBATCH-UPD _b10 _c20130110 _lUCH01 _h1359 |
||
| 590 |
_aBATCH-UPD _b10 _c20130410 _lUCH01 _h0851 |
||
| 590 |
_aBATCH-UPD _b10 _c20130914 _lUCH01 _h0800 |
||
| 590 |
_aCONVERSION _b10 _c20130109 _lUCH01 _h1306 |
||
| 650 | 1 | 4 |
_aHongos. _956084 |
| 650 | 1 | 4 |
_aMicología. _975476 |
| 700 | 0 |
_aMarchant, R. _971271 |
|
| 700 | 0 |
_aRead, D. J. _994918 |
|
| 710 | 0 |
_aBritish Mycological Society Symposium (1988 : University of Birmingham) _915425 |
|
| 901 | _aBK | ||
| 942 | _cLIBRO | ||
| 949 |
_a589.2 B63 _bBC _cLIBRO _d33724000988846 _eLIBRO _gI.151334 _h78026 _i9018 _si _t314.30 |
||
| 999 |
_c8810 _d8810 |
||